| 000 | 00453nam a22001817a 4500 | ||
|---|---|---|---|
| 003 | MPLRDC | ||
| 005 | 20220104114008.0 | ||
| 008 | 210129b ||||| |||| 00| 0 eng d | ||
| 082 | _a857.62 XDTL v.4 | ||
| 100 | _a土屋隆夫 | ||
| 245 |
_a危险的童话 _c吴桑译 |
||
| 250 | _a一版一刷 | ||
| 260 |
_a _b希代书版有限公司 _c1987 |
||
| 300 | _b平 | ||
| 490 | _a希代推理. 4 | ||
| 650 | _a推理小说 | ||
| 942 |
_cBK _o857.62 XDTL v.4 |
||
| 999 |
_c3986 _d3976 |
||